| 000 | 01423nam a2200325 a 4500 | ||
|---|---|---|---|
| 001 | 000022377 | ||
| 003 | DO-SdBNP | ||
| 005 | 20240422101417.0 | ||
| 008 | 101006s2006 dr c 000 0 spa d | ||
| 020 | _a9945855824 | ||
| 040 |
_aDO-SdBNP _bspa _cBNPHU |
||
| 082 |
_a972.9305 _bW449v, 2006 |
||
| 100 | 1 |
_aWelles, Benjamin Sumner, _d1892-1961 _931871 |
|
| 240 | 1 | 0 |
_aNaboths Vineyard: the Dominican Republic 1844-1924 _lespañol |
| 245 | 1 | 3 |
_aLa viña de Naboth : _bLa República Dominicana 1844-1924 / _cSumner Welles, traducción, Manfredo A. Moore ; corrección, ampliación y actualización de la traducción de Ramón Cedano Melo. |
| 250 | _a3a. ed. | ||
| 260 |
_aSanto Domingo : _bBanreservas: _bSociedad Dominicana de Bibliófilos, _c2006. |
||
| 300 |
_a2 v. : _bretrs. ; _c23 cm. |
||
| 490 | 1 | _aBibliófilos 2000 | |
| 500 | _aIncluye índice de nombres. | ||
| 504 | _aIncluye referencias bibliográficas y notas al pie de las páginas. | ||
| 651 | 0 |
_aRepública Dominicana -- _xHistoria -- _yOcupación norteamericana, 1916-1924 _91926 |
|
| 651 | 4 |
_aRepública Dominicana _xRelaciones exteriores _zEstados Unidos _96308 |
|
| 651 | 4 |
_aEstados Unidos _xRelaciones exteriores _zRepública Dominicana _96309 |
|
| 700 | 1 | 2 |
_aMoore, Manfredo A., _etr. _931872 |
| 700 | 1 | 2 |
_aCedano Melo, Ramón, _etr. _91744 |
| 830 | 0 |
_aBibliófilos 2000 _91044 |
|
| 910 | _aValidado. Control de calidad MMOLINA | ||
| 942 |
_2ddc _cLBS1 |
||
| 999 |
_c21875 _d21875 |
||